Statistics for The Mask - Movie Trivia

Click here to take the quiz!

General Stats

  • This quiz has been taken 38 times
    (6 since last reset)
  • The average score is 13 of 20

Answer Stats

HintAnswer% Correct
Year the film was released1994
100%
His jobBank clerk
100%
...portrayed byCameron Diaz
100%
...portrayed byJim Carrey
100%
Complete this famous quote(Eating a bomb) “That's a spicy {meatball}!”
83%
What the Mask makes out of balloonsFrench Poodle
83%
Norse god who have supposely created the MaskLoki
83%
Complete this famous quoteOh, somebody {stop} {me}!
83%
Device the Mask smashes with a giant hammerAlarm clock
67%
♫ Who's the king of the rumba beat? ♫Cuban Pete
67%
His dogMilo
67%
Main characterStanley Ipkiss
67%
What the Mask makes out of balloonsGiraffe
50%
Nightclub she performs inThe Coco Bongo
50%
What the Mask makes out of balloonsTommy Gun!
50%
Complete this famous quoteYou can't make the scene if you don't have the {Green}!
50%
Movie director
Chuck Russell
33%
Mobster vilainDorian Tyrell
33%
City where the movie takes placeEdge City
33%
Glamourous red-dressed girlTina Carlyle
17%

Score Distribution

Percentile by Number Answered

Percent of People with Each Score

Your Score History

You have not taken this quiz since the last reset